eFOCUS špecializovaný časopis o digitálnej ekonomike a informačných technológiách

Enregistré dans:
Détails bibliographiques
Format: Publication en série
Langue:slovaque
Publié: [Svätý Jur] Digit 2002
Sujets:
Tags: Ajouter un tag
Pas de tags, Soyez le premier à ajouter un tag!

MARC

LEADER 00000nas2a2200000 4500
001 0039133
005 20060228102856.0
022 |a 1336-1805 
041 0 |a slo 
044 |a SK 
245 1 0 |a eFOCUS  |b špecializovaný časopis o digitálnej ekonomike a informačných technológiách 
264 1 |a [Svätý Jur]  |b Digit  |c 2002 
500 |a Chýba č. 3 
773 0 |w eu_un_cat*s123771 
610 2 0 |a technológie informačné 
610 2 0 |a rozhodovanie manažérske